|
|
|
|
| LEADER |
00000cam a2200000 7i4500 |
| 001 |
0000030718 |
| 005 |
20161020093000.0 |
| 008 |
021119s1986 |
| 020 |
|
|
|a 9679336042
|
| 090 |
0 |
0 |
|a BF637.C6
|b M6
|
| 100 |
0 |
|
|a Muhammad Mansur Abdullah
|c 1945- ,
|e author
|
| 245 |
0 |
0 |
|a Kaunseling :
|b teori, proses dan kaedah
|c Muhd. Mansur Abdullah
|
| 260 |
2 |
|
|a Petaling Jaya :
|b Fajar Bakti ,
|c 1986
|
| 300 |
|
|
|a 314 ms. ;
|c 24 sm.
|
| 504 |
|
|
|a Bibliografi: ms. 305-314
|
| 650 |
|
0 |
|a Counseling
|
| 999 |
|
|
|a 1000057113
|b Book
|c OPEN SHELF (30 DAYS)
|e Gong Badak Campus
|
| 999 |
|
|
|a 1000058978
|b Book
|c OPEN SHELF (30 DAYS)
|e Gong Badak Campus
|